|
|
|
|
| LEADER |
00889nam a2200241 a 4500 |
| 001 |
000335315 |
| 003 |
CZ BrMZK |
| 005 |
20130529161744.0 |
| 007 |
ta |
| 008 |
980105s1989 gw f ger d |
| 040 |
|
|
|a BOA001
|b cze
|
| 080 |
|
|
|a 620.9:008
|2 MRF
|
| 100 |
1 |
|
|a Meyer-Abich, Klaus Michael,
|d 1936-
|7 js20070601004
|4 aut
|
| 245 |
1 |
4 |
|a Die Grenzen der Atomwirtschaft :
|b die Zukunft von Energie, Wirtschaft und Gesellschaft /
|c Klaus Michael Meyer-Abich, Bertram Schefold
|
| 250 |
|
|
|a 3. Aufl.
|
| 260 |
|
|
|a München :
|b C.H. Beck,
|c 1989
|
| 300 |
|
|
|a 230 s.
|
| 490 |
1 |
|
|a Die Sozialverträglichkeit von Energiesystemen ;
|v Bd. 8
|
| 700 |
1 |
|
|a Schefold, Bertram,
|d 1943-
|7 jn20000604867
|
| 830 |
|
0 |
|a Sozialverträglichkeit von Energiesystemen
|
| 910 |
|
|
|a BOA001
|b 2-0956.624
|
| 990 |
|
|
|a BK
|
| 996 |
7 |
|
|b 2619343589
|c 2-0956.624
|l MZK
|r Sklad / do 1 hodiny
|n 0
|w 000335315
|u 000010
|a 1
|e BOA001
|j MZK50
|s A
|